Wars - Statistics

General Stats
  • This quiz has been taken 27 times
  • The average score is 11 of 18
Answer Stats
Year Answer % Correct
1950 Korean War
91%
2003 War In Iraq
91%
2001 War In Afghanistan
83%
1861 American Civil War
78%
1990 Persian Gulf War
78%
1936 Spanish Civil War
74%
1914 World War 1
74%
1939 World War 2
74%
1775 American Revolution
70%
1095 The Crusades
61%
1754 French And Indian war
57%
1337 Hundred Year War
52%
1918 Russian Civil War
48%
1950 Vietnam War
48%
1967 Six-Day War
39%
1946 Chinese Civil War
35%
1910 Mexican Revolution
30%
1991 Somali Civil War
17%
No matching quizzes found
Score Distribution
Percent of People with Each Score
Percentile by Number Answered
Your Score History
You have not taken this quiz